000 00411nam a2200169Ia 4500
008 220530s9999 xx 000 0 und d
020 _a9789380658322
041 _aeng
082 _a820
_bBHO
100 _aBhogle Anita
_957577
245 _aThe Winning Way
250 _a1st Ed.
260 _aChennai
_bWestland Ltd.
_c2011
300 _aXV;196 P.
_bPB
700 _a Bhogle Harsha
_957578
906 _a50
_bGB
999 _c51956
_d51956